000 01704nam a2200361 a 4500
001 ebr10658887
003 CaPaEBR
006 m u
007 cr cn|||||||||
008 121102s2013 dcuad sb 001 0 eng d
010 _z 2012040591
020 _z9781933286679 (pbk. : alk. paper)
020 _z9781933286792 (e-book)
040 _aCaPaEBR
_cCaPaEBR
035 _a(OCoLC)841908559
043 _ad------
050 1 4 _aHD75.6
_b.M396 2013eb
082 0 4 _a363.738/74
_223
100 1 _aMattoo, Aaditya.
245 1 0 _aGreenprint
_h[electronic resource] :
_ba new approach to cooperation on climate change /
_cAaditya Mattoo, Arvind Subramanian.
260 _aWashington D.C. :
_bCenter for Global Development,
_c2013.
300 _ax, 126 p. :
_bill.
504 _aIncludes bibliographical references and index.
505 0 _aClimate change: a greenprint for cooperation -- Equity in climate change: an analytical review -- Preserving development opportunities -- Can global de-carbonization inhibit developing country industrialization? -- Reconciling climate change and trade policy.
533 _aElectronic reproduction.
_bPalo Alto, Calif. :
_cebrary,
_d2013.
_nAvailable via World Wide Web.
_nAccess may be limited to ebrary affiliated libraries.
650 0 _aEconomic development
_xEnvironmental aspects.
650 0 _aClimate change mitigation
_xInternational cooperation.
651 0 _aDeveloping countries
_xEconomic conditions.
655 7 _aElectronic books.
_2local
700 1 _aSubramanian, Arvind.
710 2 _aebrary, Inc.
856 4 0 _uhttp://site.ebrary.com/lib/rucke/Doc?id=10658887
_zAn electronic book accessible through the World Wide Web; click to view
999 _c64409
_d64409